|
|
|
|
| LEADER |
00000nab a2200000 a 4500 |
| 001 |
vtls000584981 |
| 003 |
SK-MaSNL |
| 005 |
20260303194550.0 |
| 008 |
120930c xo 0 slo |
| 015 |
|
|
|a SNBRA19rr/mm-uuuuu
|
| 035 |
|
|
|a CL0585120
|
| 040 |
|
|
|a SNKBUCL
|b slo
|c SNKBUCL
|e AACR2
|
| 041 |
0 |
|
|a slo
|
| 044 |
|
|
|a xo
|c SK
|
| 080 |
|
|
|a 624.131.6:556.34.001.573:532.51
|2 1981
|
| 080 |
|
|
|a 556.34.001.573
|2 1981
|
| 080 |
|
|
|a 532.51
|2 1981
|
| 100 |
1 |
|
|a Mucha, Igor,
|d 1938-
|4 aut
|9 38829
|
| 245 |
1 |
0 |
|a Modelovanie prúdenia podzemných vôd pre posúdenie sufóznych javov
|c Igor Mucha, Eva Paulíková
|
| 300 |
|
|
|b Obr. 4, res. angl., lit. 4 zázn. v slov.
|
| 650 |
0 |
7 |
|a podzemné vody
|2 snkbucl
|9 3610
|
| 650 |
0 |
7 |
|a prúdenie
|2 snkbucl
|9 957893
|
| 650 |
0 |
7 |
|a sufózia (geol.)
|2 snkbucl
|9 1226835
|
| 655 |
|
7 |
|a články zo zborníkov
|2 snkbucl
|9 166140
|
| 700 |
1 |
|
|a Paulíková, Eva
|4 aut
|9 508479
|
| 773 |
0 |
|
|t Výsledky, problémy a perspektívy inžinierskej geológie v Slovenskej republike
|z 8096715429
|
| 773 |
0 |
|
|d Bratislava : Slovenská asociácia inžinierskych geológov, 1994
|g S. 102-106
|
| 850 |
|
|
|a Slovenská národná knižnica v Martine
|a MTA001
|
| 852 |
|
|
|a SNK
|b KIS3GCP
|
| 958 |
|
|
|a RK
|
| 992 |
|
|
|a RZB
|
| 999 |
|
|
|c 2158331
|d 2160261
|